000 00288nam a22001337a 4500
008 170825b xxu||||| |||| 00| 0 eng d
020 _a9780897873475
041 _aeng
080 _a070
100 _a39
101 _aMED
245 _aARTICULATE VOICE
_cWELLS.L.K
942 _2udc
_cBK
999 _c25064
_d25064